<?xml version="1.0" encoding="UTF-8"?>
<record
    xmlns:xsi="http://www.w3.org/2001/XMLSchema-instance"
    xsi:schemaLocation="http://www.loc.gov/MARC21/slim http://www.loc.gov/standards/marcxml/schema/MARC21slim.xsd"
    xmlns="http://www.loc.gov/MARC21/slim">

  <leader>00865nam a22002417i 4500</leader>
  <controlfield tag="005">20201012160239.0</controlfield>
  <controlfield tag="008">201012s2018    ii a|||g |||| 00| f tam d</controlfield>
  <datafield tag="020" ind1=" " ind2=" ">
    <subfield code="c">RM75.60</subfield>
    <subfield code="q">paperback</subfield>
  </datafield>
  <datafield tag="040" ind1=" " ind2=" ">
    <subfield code="a">PPAK</subfield>
    <subfield code="b">eng</subfield>
    <subfield code="c">PPAK</subfield>
    <subfield code="e">rda</subfield>
  </datafield>
  <datafield tag="082" ind1="0" ind2="4">
    <subfield code="2">23</subfield>
    <subfield code="a">894.8113</subfield>
  </datafield>
  <datafield tag="090" ind1="0" ind2="0">
    <subfield code="a">894.8113</subfield>
    <subfield code="b">SUP</subfield>
    <subfield code="d">G</subfield>
  </datafield>
  <datafield tag="100" ind1="1" ind2=" ">
    <subfield code="a">Subbaiah, Prema,</subfield>
    <subfield code="e">author.</subfield>
  </datafield>
  <datafield tag="245" ind1="1" ind2="0">
    <subfield code="6">880-02</subfield>
    <subfield code="a">Ka&#x1E47;&#x1E47;&#x101;m&#x16B;cci r&#x113;...! R&#x113;...! =</subfield>
    <subfield code="b">Blindfold Ray ...! Ray ...! /</subfield>
    <subfield code="c">Prema Subbaiah</subfield>
  </datafield>
  <datafield tag="264" ind1=" " ind2="1">
    <subfield code="a">Chennai, India :</subfield>
    <subfield code="b">Priya Station , </subfield>
    <subfield code="c">2018</subfield>
  </datafield>
  <datafield tag="300" ind1=" " ind2=" ">
    <subfield code="a">496 pages :</subfield>
    <subfield code="b">illustrations ;</subfield>
    <subfield code="c">18 cm</subfield>
  </datafield>
  <datafield tag="336" ind1=" " ind2=" ">
    <subfield code="2">rdacontent</subfield>
    <subfield code="a">text</subfield>
  </datafield>
  <datafield tag="337" ind1=" " ind2=" ">
    <subfield code="2">rdamedia</subfield>
    <subfield code="a">unmediated</subfield>
  </datafield>
  <datafield tag="338" ind1=" " ind2=" ">
    <subfield code="2">rdacarrier</subfield>
    <subfield code="a">volume</subfield>
  </datafield>
  <datafield tag="650" ind1="1" ind2="0">
    <subfield code="a">Tamil fiction</subfield>
  </datafield>
  <datafield tag="880" ind1="1" ind2=" ">
    <subfield code="6">100-01/$1</subfield>
    <subfield code="a">&#xBAA;&#xBBF;&#xBB0;&#xBC7;&#xBAE;&#xBBE; &#xB9A;&#xBC1;&#xBAA;&#xBCD;&#xBAA;&#xBC8;&#xBAF;&#xBBE;</subfield>
  </datafield>
  <datafield tag="880" ind1="1" ind2="0">
    <subfield code="6">245-02/$1</subfield>
    <subfield code="a">&#xB95;&#xBA3;&#xBCD;&#xBA3;&#xBBE;&#xBAE;&#xBC2;&#xB9A;&#xBCD;&#xB9A;&#xBBF; &#xBB0;&#xBC7;...! &#xBB0;&#xBC7;...!</subfield>
    <subfield code="n">(&#xBAA;&#xBBE;&#xB95;&#xBAE;&#xBCD; - 1)</subfield>
  </datafield>
  <datafield tag="942" ind1=" " ind2=" ">
    <subfield code="2">ddc</subfield>
    <subfield code="c">B</subfield>
  </datafield>
  <datafield tag="999" ind1=" " ind2=" ">
    <subfield code="c">179449</subfield>
    <subfield code="d">179449</subfield>
  </datafield>
  <datafield tag="952" ind1=" " ind2=" ">
    <subfield code="0">0</subfield>
    <subfield code="7">0</subfield>
    <subfield code="b">PPAK</subfield>
    <subfield code="c">G</subfield>
    <subfield code="d">2020-11-04</subfield>
    <subfield code="o">894.8113 SUP</subfield>
    <subfield code="p">A01660405</subfield>
    <subfield code="r">2021-02-22 00:00:00</subfield>
    <subfield code="y">B</subfield>
  </datafield>
  <datafield tag="952" ind1=" " ind2=" ">
    <subfield code="0">0</subfield>
    <subfield code="7">0</subfield>
    <subfield code="b">KM</subfield>
    <subfield code="c">G</subfield>
    <subfield code="d">2020-11-04</subfield>
    <subfield code="l">8</subfield>
    <subfield code="m">1</subfield>
    <subfield code="o">894.8113 SUP</subfield>
    <subfield code="p">A01660406</subfield>
    <subfield code="r">2025-10-26 12:04:46</subfield>
    <subfield code="s">2025-10-04</subfield>
    <subfield code="y">B</subfield>
  </datafield>
</record>
